000 00819cam a2200253 a 4500
001 2393
005 20250610090003.0
020 _a9780439598453
040 _aDLC
_cDLC
_dDLC
_beng
050 0 0 _aPZ7.B2217
082 0 0 _a460
100 1 _aBang, Molly
245 1 0 _aWhen Sophie gets angry--really, really angry /
_cby Molly Bang
250 _aFirst Bookshelf edition, June 2004
260 _aNew York :
_bScholastic,
_c1999
300 _a33 unnumbered pages
_bColor illustrations
_c26 cm
505 _aG
520 _aA young girl is upset and doesn't know how to manage her anger but takes the time to cool off and regain her composure.
521 _a340
_bLexile
521 _aG
_bRaz-Plus
650 1 _aAnger
_xFiction
906 _a7
_bcbc
_corignew
_d1
_eocip
_f19
_gy-gencatlg
942 _2ddc
_cBK
_n0
999 _c2393
_d2393